THE INDIAN JOURNAL OF PUBLIC ADMINISTRATION (Record no. 29282)

MARC details
000 -LEADER
fixed length control field 00302nam a22001217a 4500
003 - CONTROL NUMBER IDENTIFIER
control field SGT
082 ## - DEWEY DECIMAL CLASSIFICATION NUMBER
Classification number 954
Item number T87C
100 ## - MAIN ENTRY--PERSONAL NAME
Personal name CHATURVEDI, T.N.
245 ## - TITLE STATEMENT
Title THE INDIAN JOURNAL OF PUBLIC ADMINISTRATION
260 ## - PUBLICATION, DISTRIBUTION, ETC. (IMPRINT)
Name of publisher, distributor, etc THE INDIAN INSTITUTE OF PUBLIC ADMINISTRATION
Year of Publication 1987
300 ## - PAGE DESCRIPTION
No. of Pages 831
942 ## - ADDED ENTRY ELEMENTS (KOHA)
Source of classification or shelving scheme Dewey Decimal Classification
Koha item type Books
Holdings
Withdrawn status Lost status Source of classification or shelving scheme Damaged status Not for loan Home library Current library Shelving location Date acquired SGTU Total Checkouts Full call number Accession No. (Barcode) Date last seen Bill Date Koha item type
    Dewey Decimal Classification   Not For Loan SGT Chancellor's Library SGT Chancellor's Library Reference Book 23/01/2025 SGTU   954 T87C CH1935 23/01/2025 23/01/2025 Books